Arabian Sea General Knowledge - Statistics

General Stats
  • This quiz has been taken 69 times
  • The average score is 16 of 21
Answer Stats
Hint Answer % Correct
Bordering countries India
100%
The Arabian Sea forms part of which ocean? Indian Ocean
98%
Neighbouring gulf to the northwest Gulf of Oman
97%
Bordering countries Iran
97%
Bordering countries Oman
97%
Bordering countries Yemen
97%
Bordering countries Pakistan
95%
Major peninsula to the west Arabian Peninsula
87%
Indian state that was formerly an overseas territory of the Portuguese Empire Goa
87%
Bordering countries Somalia
87%
Most populous cities Karachi
83%
Most populous cities Mumbai
82%
What crime did one of the bordering countries become famous for in the 21st century? hint: "Captain Phillips" Piracy
82%
Neighbouring gulf to the west Gulf of Aden
78%
Longest river that flows into the Arabian Sea Indus
77%
Bordering countries Maldives
72%
Largest island Socotra
65%
Neighbouring sea to the east Laccadive Sea
40%
Native tree to the above island that produces blood-like red sap Socotra Dragon Tree
28%
Gulf located between these cities Gulf of Khambhat
13%
Gulf located between these cities Gulf of Kutch
12%
No matching quizzes found
Score Distribution
Percent of People with Each Score
Percentile by Number Answered
Your Score History
You have not taken this quiz